Una filosofía del derecho en modelos históricos. De la antigüedad a los inicios del constitucionalismo.

Kaydedildi:
Detaylı Bibliyografya
Yazar: Ruiz Miguel, Alfonso (autor)
Materyal Türü: Kitap
Baskı/Yayın Bilgisi: Madrid, España: Trotta, 2009.
Edisyon:Segunda edición revisada.
Seri Bilgileri:Colección Estructuras y Procesos. Serie Derecho
Konular:
Etiketler: Etiketle
Etiket eklenmemiş, İlk siz ekleyin!

MARC

LEADER 00000nam a22000007a 4500
003 CL-VaPUC
005 20220822114649.0
008 220719t2009 ||||| |||| 00| 0 eng d
999 |c 437266  |d 437264 
020 |a 8481645702 
040 |c Pontificia Universidad Católica de Valparaíso 
082 0 4 |a 340.1 RUI 2009  |b RUI  |2 21 
100 0 |a Ruiz Miguel, Alfonso  |e autor  |9 481456 
245 1 4 |a Una filosofía del derecho en modelos históricos.  |b De la antigüedad a los inicios del constitucionalismo. 
250 |a Segunda edición revisada. 
260 |a Madrid, España:  |b Trotta,   |c 2009. 
300 |a 328 páginas. 
490 0 |a Colección Estructuras y Procesos. Serie Derecho 
500 |a c.1 Donación Familia Prof. Alejandro Guzmán Brito. 
583 |a last modification  |c 20031219 00:00:00  |k Cristina María Rojas Aguilar 
650 0 |a Filosofía del derecho   |9 255050 
650 0 |a Escuelas filosóficas   |9 266232 
650 0 |a Iusnaturalismo  |9 393557 
942 |c BK  |2 ddc  |n 0 
952 |0 0  |1 0  |2 ddc  |4 0  |6 340_100000000000000_RUI_2009  |7 1  |8 C_AGB  |9 585024  |a BIBDER  |b BIBDER  |d 2022-07-19  |e Donación   |i 5653085  |o 340.1 RUI 2009   |p 5653085  |r 2023-01-25  |t 1  |w 2022-07-19  |y BK_US  |k AGB